000 01650cam a2200445 a 4500
001 11447938
003 OSt
005 20210924153332.0
006 m u
007 cr cn|||||||||
008 120321s2013 maua sb 001 0 eng d
010 _z 2012010361
020 _z9781444335842
035 _a(CaPaEBR)ebr10657965
035 _a(NNC)11447938
038 _akhadija
040 _aCaPaEBR
_cCaPaEBR
050 1 4 _aRC423
_b.R455 2013eb
082 0 4 _a616.855
_223
_bRES
245 0 0 _aResearch methods in clinical linguistics and phonetics
_ba practical guide /
_cedited by Nicole Müller and Martin J. Ball.
260 _aMalden, Mass. :
_bJohn Wiley & Sons,
_c2013.
300 _axii, 318 p. :
_bill.
490 1 _aGuides to research methods in language and linguistics
504 _aIncludes bibliographical references and index.
533 _aElectronic reproduction.
_bPalo Alto, Calif. :
_cebrary,
_d2013.
_nAvailable via World Wide Web.
_nAccess may be limited to ebrary affiliated libraries.
563 _aPB
650 0 _aSpeech disorders.
_982747
650 0 _aCommunicative disorders.
_982748
650 0 _aLanguage disorders.
_982749
650 0 _aPhonetics.
_982750
650 0 _aApplied linguistics.
_982751
655 7 _aElectronic books.
_2local
_9621
700 1 _aMüller, Nicole,
_d1963-
_982752
700 1 _aBall, Martin J.
_q(Martin John)
_982753
710 2 _aebrary, Inc.
_9622
830 0 _aGuides to research methods in language and linguistics.
_982754
856 4 0 _uhttp://www.columbia.edu/cgi-bin/cul/resolve?clio11447938
_zClick here for full text.
942 _2ddc
_cBK
999 _c33629
_d33629